| 000 | 00384cam a2200145ua 4500 | ||
|---|---|---|---|
| 041 |
_amal _h |
||
| 082 |
_a894.8122 _bGOP/PR |
||
| 100 | _aGopinathan Nair, T N. | ||
| 245 |
_aPrathidwani / _cT.N Gopinathan Nair. _hTextual Documents |
||
| 260 |
_aKottayam : _bSahitya Pravarthaka Co-operative Society , _c1955. |
||
| 300 | _a74 ; . | ||
| 504 | _a | ||
| 942 | _cBK | ||
| 999 |
_c6257 _d6257 |
||